Wordsworth, Turner and romantic landscape : a study of the traditions of the picturesque and the sublime /

Bibliographic Details
Main Author: Brennan, Matthew, 1955-
Format: Book
Language:English
Published: Columbia, S.C. : Camden House, [1987]
Edition:1st ed.
Series:Studies in English and American literature, linguistics, and culture ; vol. 5.
Subjects:

MARC

Tag First Indicator Second Indicator Subfields
LEADER 00000cam a2200000 a 4500
001 in00000009546
005 20151007051619.0
008 871007s1987 scua b 00110 eng d
010 |a  87070973  
020 |a 0938100513 
035 |a (OCoLC)16821275 
035 |9 AAA3915AM 
040 |a TXA  |c TXA  |d CUZ  |d TXA  |d UtOrBLW 
049 |a TXAM  |c [A12541174] 
050 4 |a PR590  |b .B79 1987 
100 1 |a Brennan, Matthew,  |d 1955- 
245 1 0 |a Wordsworth, Turner and romantic landscape :  |b a study of the traditions of the picturesque and the sublime /  |c Matthew Brennan. 
250 |a 1st ed. 
264 1 |a Columbia, S.C. :  |b Camden House,  |c [1987] 
264 4 |c ©1987 
300 |a 165 pages :  |b illustrations ;  |c 24 cm. 
336 |a text  |b txt  |2 rdacontent 
337 |a unmediated  |b n  |2 rdamedia 
338 |a volume  |b nc  |2 rdacarrier 
490 1 |a Studies in English and American literature, linguistics, and culture ;  |v vol. 5 
504 |a Bibliography: pages [153]-161. 
500 |a Includes index. 
650 0 |a Romanticism  |z England. 
650 0 |a English poetry  |y 19th century  |x History and criticism. 
650 0 |a Landscapes in literature. 
600 1 0 |a Wordsworth, William,  |d 1770-1850  |x Criticism and interpretation. 
600 1 0 |a Turner, J. M. W.  |q (Joseph Mallord William),  |d 1775-1851. 
650 0 |a Sublime, The. 
650 0 |a Picturesque, The. 
830 0 |a Studies in English and American literature, linguistics, and culture ;  |v vol. 5. 
999 |a MARS 
999 f f |s 25ee0410-3f0b-311e-baf1-6921eb5d2ec2  |i 82437bd9-acdd-3aff-a107-5f6d5b17ddec  |t 0 
952 f f |p normal  |a Texas A&M University  |b College Station  |c Sterling C. Evans Library  |d Evans: Library Stacks  |t 0  |e PR590 .B79 1987  |h Library of Congress classification  |i unmediated -- volume  |m A14812541174 
998 f f |a PR590 .B79 1987  |t 0  |l Evans: Library Stacks